Byty konečně do vlastnictví?

Dôvody na uskutočnenie rýchlej privatizácie bytového fondu. Vznik spoluvlastníctva a klasifikácia spoluvlastníctva. Spoločenstvo spoluvlastníkov ako právnická osoba. Predkupné právo nájomníkov. Určovanie ceny bytov.

Salvato in:
Dettagli Bibliografici
Autore principale: Červenková, A.
Natura: Capitolo di libro
Lingua:ceco
Soggetti:
Tags: Aggiungi Tag
Nessun Tag, puoi essere il primo ad aggiungerne!!

MARC

LEADER 00000naa a2200000 4500
001 r006990
005 20220831083521.1
041 0 |a cze 
044 |a [CS] 
245 1 0 |a Byty konečně do vlastnictví?  |c A. Červenková 
520 |a Dôvody na uskutočnenie rýchlej privatizácie bytového fondu. Vznik spoluvlastníctva a klasifikácia spoluvlastníctva. Spoločenstvo spoluvlastníkov ako právnická osoba. Predkupné právo nájomníkov. Určovanie ceny bytov. 
610 2 0 |a fond bytový 
610 2 0 |a privatizácia 
610 2 0 |a ceny 
610 2 0 |a ČSFR 
610 2 0 |a byty 
100 1 |a Červenková, A.